Animaux en C - Statistiques

Statistiques générales
  • Ce quiz a été pris 295 fois
  • Le résultat moyen est 33 sur 348
Statistiques - réponses
hint answers % Correct
124 Chat
97%
145 Chien
96%
135 Cheval
81%
139 Chevre
76%
44 Canard
72%
210 Cochon
67%
140 Chevreau
62%
323 Crocodile
62%
154 Chiot
61%
115 Chameau
60%
126 Chaton
60%
249 Coq
60%
147 Chienne
58%
129 Chatte
56%
299 Crabe
54%
108 Cerf
53%
51 Cane
52%
133 Chenille
52%
95 Castor
49%
203 Coccinelle
49%
257 Corb
48%
142 Chevreuil
47%
258 Corbeau
47%
164 Chouette
46%
198 Cob
46%
220 Colibri
46%
318 Crevette
46%
304 Crapaud
45%
17 Caiman
43%
39 Cameleon
42%
283 Couleuvre
41%
345 Cygne
41%
52 Caneton
40%
82 Carpe
40%
10 Cachalot
39%
175 Cigogne
39%
202 Cobra
39%
9 Cacatoes
38%
12 Cafard
37%
21 Calamar
35%
113 Chacal
34%
173 Cigale
34%
76 Caribou
32%
132 Chauve-souris
32%
265 Corneille
32%
320 Criquet
32%
151 Chinchilla
31%
279 Coucou
31%
45 Canari
29%
54 Caniche
28%
211 Cochonne
28%
329 Crotale
28%
117 Chamois
26%
7 Cabri
23%
219 Coleoptere
23%
149 Chihuahua
22%
227 Colombe
22%
15 Caille
21%
63 Capybara
21%
141 Chevrette
21%
251 Coque
21%
298 Coyote
20%
62 Capucin
19%
281 Cougar
19%
256 Corail
17%
239 Condor
16%
5 Cabillaud
15%
33 Calmar
15%
199 Cobaye
14%
212 Cochonnet
14%
88 Casoar
13%
221 Colin
13%
255 Coquille
13%
64 Caracal
12%
229 Colvert
12%
41 Campagnol
11%
166 Chow-chow
11%
185 Civette
11%
204 Coche
11%
116 Chamelon
10%
24 Calao
9%
121 Chardonneret
9%
253 Coquelet
9%
296 Cousin
9%
69 Carcajou
8%
163 Choucas
8%
176 Cigogneau
8%
187 Clam
8%
206 Cochenille
8%
214 Cocker
8%
305 Crapaude
8%
6 Cabot
7%
59 Capricorne
7%
79 Carlin
7%
119 Chapon
7%
243 Congre
7%
13 Cafarde
6%
53 Canette
6%
65 Caracara
6%
190 Clebard
6%
290 Courlis
6%
4 Cabiai
5%
37 Cama
5%
136 Chevalier
5%
155 Chipmunk
5%
191 Clebs
5%
35 Calopsitte
4%
71 Cardinal
4%
144 Chevrotin
4%
224 Colobe
4%
259 Corbillat
4%
295 Couscous
4%
307 Crapet
4%
312 Crecerelle
4%
47 Canasson
3%
146 Chien-loup
3%
152 Chinois
3%
172 Cicindele
3%
179 Circaete
3%
183 Cistude
3%
184 Citron
3%
200 Cobe
3%
215 Coelacanthe
3%
232 Combattant
3%
246 Conque
3%
23 Calandre
2%
49 Cancrelat
2%
68 Carassin
2%
86 Carrelet
2%
89 Cassenoix
2%
100 Cephalophe
2%
101 Cephalopode
2%
106 Cercopitheque
2%
111 Cetoine
2%
112 Chabot
2%
120 Charancon
2%
123 Chartreux
2%
125 Chat-huant
2%
177 Cincle
2%
223 Colley
2%
234 Comma
2%
276 Coua
2%
293 Courtiliere
2%
311 Crave
2%
36 Calopteryx
1%
56 Capelan
1%
57 Capon
1%
60 Caprine
1%
72 Cardine
1%
80 Carme
1%
81 Carouge
1%
94 Castagnole
1%
97 Caurale
1%
103 Ceraste
1%
104 Cercocebe
1%
105 Cercope
1%
109 Cernier
1%
114 Chacma
1%
127 Chatou
1%
131 Chaus
1%
134 Chevaine
1%
138 Chevesne
1%
143 Chevrotain
1%
156 Chique
1%
157 Chirogale
1%
158 Chironome
1%
169 Chrysope
1%
186 Clairon
1%
207 Cochet
1%
208 Cochevis
1%
217 Coendou
1%
225 Colocolo
1%
250 Coq-de-roche
1%
252 Coquecigrue
1%
254 Coquette
1%
266 Cornette
1%
267 Coronelle
1%
268 Corse
1%
271 Coryphene
1%
280 Coudou
1%
282 Couguar
1%
284 Couleuvreau
1%
285 Coulicou
1%
287 Courbine
1%
288 Couresse
1%
289 Courlan
1%
300 Crabier
1%
313 Crecerellette
1%
314 Crenilabre
1%
327 Crossie
1%
336 Cuivre
1%
340 Cuy
1%
344 Cycloptere
1%
1 Cabaret
0%
2 Caberu
0%
3 Cabezon
0%
8 Cacaoui
0%
11 Cador
0%
14 Cagou
0%
16 Cailleteau
0%
18 Caique
0%
19 Cairn
0%
20 Calabrais
0%
22 Calamite
0%
25 Calappe
0%
26 Calceole
0%
27 Californien
0%
28 Callianasse
0%
29 Callicebe
0%
30 Calligraphe
0%
31 Callimico
0%
32 Callitriche
0%
34 Calobate
0%
38 Camaroptere
0%
40 Cameleopard
0%
42 Camponote
0%
43 Canadien
0%
46 Canaroie
0%
48 Cancellaire
0%
50 Candiru
0%
55 Cantharide
0%
58 Caponne
0%
61 Capucette
0%
66 Caracul
0%
67 Carangue
0%
70 Cardeau
0%
73 Cardium
0%
74 Cariacou
0%
75 Cariama
0%
77 Caricole
0%
78 Carillonneur
0%
83 Carpocapse
0%
84 Carpophage
0%
85 Carreau
0%
87 Casiorne
0%
90 Casseron
0%
91 Cassican
0%
92 Casside
0%
93 Cassique
0%
96 Catamenie
0%
98 Celan
0%
99 Cephalocorde
0%
102 Cerambyx
0%
107 Cereopse
0%
110 Cetiosaure
0%
118 Champsosaure
0%
122 Charolaise
0%
128 Chatrou
0%
130 Chat-tigre
0%
137 Chevechette
0%
148 Chiffre
0%
150 Chinchard
0%
153 Chionis
0%
159 Chlamydosaure
0%
160 Choctaw
0%
161 Choquemort
0%
162 Choucador
0%
165 Chousingha
0%
167 Chrysis
0%
168 Chrysomele
0%
170 Cicerelle
0%
171 Cichladuse
0%
174 Cigalou
0%
178 Cipaye
0%
180 Cirneco
0%
181 Cirripede
0%
182 Cisticole
0%
188 Clausilie
0%
189 Clavigere
0%
192 Clione
0%
193 Cloprote
0%
194 Clovisse
0%
195 Clypdesdales
0%
196 Clypeastre
0%
197 Clytre
0%
201 Cobia
0%
205 Cochelet
0%
209 Cochoa
0%
213 Cochylis
0%
216 Coelurosaure
0%
218 Coffre
0%
222 Coliou
0%
226 Colombar
0%
228 Colombine
0%
230 Comatule
0%
231 Combassou
0%
233 Comete
0%
235 Commandeur
0%
236 Commun
0%
237 Comtois
0%
238 Conde
0%
240 Condylarthre
0%
241 Condylure
0%
242 Cone
0%
244 Conirostre
0%
245 Conocephale
0%
247 Conspicillaire
0%
248 Conure
0%
260 Corbin
0%
261 Cordulegastre
0%
262 Cordulie
0%
263 Cordyle
0%
264 Coregone
0%
269 Corvinelle
0%
270 Coryllis
0%
272 Coscoroba
0%
273 Cossus
0%
274 Cossyphe
0%
275 Cotinga
0%
277 Couagga
0%
278 Coucal
0%
286 Coulon
0%
291 Courol
0%
292 Couroucou
0%
294 Courvite
0%
297 Couturiere
0%
301 Crache-sang
0%
302 Cracra
0%
303 Crambus
0%
306 Crapelet
0%
308 Craterope
0%
309 Cravan
0%
310 Cravate
0%
315 Creole
0%
316 Crete-de-coq
0%
317 Cretois
0%
319 Criocere
0%
321 Cristivomer
0%
322 Crocidure
0%
324 Crocothemis
0%
325 Croissant
0%
326 Croncron
0%
328 Crossope
0%
330 Cryolophosaure
0%
331 Ctenolabre
0%
332 Cubomeduse
0%
333 Cubozoaire
0%
334 Cuculle
0%
335 Cucullie
0%
337 Culex
0%
338 Cupidon
0%
339 Cuterebre
0%
341 Cyanea
0%
342 Cyanee
0%
343 Cychre
0%
346 Cymric
0%
347 Cynhyene
0%
348 Cyon
0%
Aucun quiz correspondant
Distribution des résultats
% des personnes avec chaque résultat
Percentile par nombre de réponses
Votre historique - résultats
Vous n’avez pas pris ce quiz